000 00740nam a2200181Ia 4500
008 100921s9999 xx 000 0 und d
082 _b24898
_a891.463 थ 91
100 _aतेंडुलकर प्र्रिया.
245 _aजन्मलेल्या प्रत्येकाला.
260 _bडिंपल प्रकाशन,ठाणे.
_c1991
300 _a172
_bमॅजेस्टीक प्रकाशन,पुणे.
365 _b65
520 _aललित-कथा.
630 _aजन्मलेल्या प्रत्येकाला.
650 _aललित-कथा.
730 _aजन्मलेल्या प्रत्येकाला.
942 _cBOOK
999 _c774011
_d774008